Household electricity Survey (Record no. 114379)

MARC details
000 -LEADER
fixed length control field 01388cad a22002295a 4500
001 - CONTROL NUMBER
control field L156711
008 - FIXED-LENGTH DATA ELEMENTS--GENERAL INFORMATION
fixed length control field 120627s2012 xxk f 000 0 eng d
035 ## - SYSTEM CONTROL NUMBER
System control number (Sirsi) u156711
041 0# - LANGUAGE CODE
Language code of text/sound track or separate title eng
110 2# - MAIN ENTRY--CORPORATE NAME
Corporate name or jurisdiction name as entry element United Kingdom
Subordinate unit Department for Environment, Food and Rural Affairs
245 00 - TITLE STATEMENT
Title Household electricity Survey
Remainder of title A study of domestic electricity product usage
Medium [electronic resource]
260 ## - PUBLICATION, DISTRIBUTION, ETC.
Place of publication, distribution, etc. London
Name of publisher, distributor, etc. DEFRA
Date of publication, distribution, etc. 2012
520 ## - SUMMARY, ETC.
Summary, etc. The study monitored domestic electrical appliances in a total of 251 owner-occupier households across England over the period of April 2010 to April 2011. Objectives included the identification of the range and quantity of electrically powered appliances, products and gadgets found in the typical home and to monitor total electricity consumption. Findings include the discovery of relatively high appliance usage by single person households and the fact total standby consumption is as much as 16% of domestic power demand.
590 ## - LOCAL NOTE (RLIN)
Local note KA NTK
651 #4 - SUBJECT ADDED ENTRY--GEOGRAPHIC NAME
Geographic name England
Chronological subdivision 886-
690 ## - LOCAL SUBJECT ADDED ENTRY--TOPICAL TERM (OCLC, RLIN)
Topical term or geographic name as entry element Energy
9 (RLIN) 6237
690 ## - LOCAL SUBJECT ADDED ENTRY--TOPICAL TERM (OCLC, RLIN)
Topical term or geographic name as entry element Sustainability
9 (RLIN) 6271
710 1# - ADDED ENTRY--CORPORATE NAME
Corporate name or jurisdiction name as entry element Energy Saving Trust
9 (RLIN) 1191
710 1# - ADDED ENTRY--CORPORATE NAME
Corporate name or jurisdiction name as entry element United Kingdom
Subordinate unit Department of Energy and Climate Change
9 (RLIN) 5850
856 40 - ELECTRONIC LOCATION AND ACCESS
Uniform Resource Identifier <a href="https://randd.defra.gov.uk/Document.aspx?Document=10043_R66141HouseholdElectricitySurveyFinalReportissue4.pdf">https://randd.defra.gov.uk/Document.aspx?Document=10043_R66141HouseholdElectricitySurveyFinalReportissue4.pdf</a>
Public note View the item free of charge www.defra.gov.uk
942 ## - ADDED ENTRY ELEMENTS (KOHA)
Suppress in OPAC 0
Holdings
Withdrawn status Lost status Source of classification or shelving scheme Damaged status Not for loan Home library Current library Shelving location Date acquired Total Checkouts Full call number Barcode Date last seen Copy number Price effective from Koha item type
    Dewey Decimal Classification     Virtual Virtual Online 27/06/2012   ONLINE PUBLICATION 156711-2001 06/08/2019 1 06/08/2019 Book